Industrial mathematics : a course in solving real-world problems /

Guardado en:
Autor Principal: Friedman, Avner.
Otros Autores: Littman, Walter.
Formato: Libro
Idioma:English
Publicado: Philadelphia : Society for Industrial and Applied Mathematics, 1994.
Etiquetas: Agregar Etiqueta
Sin Etiquetas, Sea el primero en etiquetar este registro!
LEADER 00673nam a22001815a 4500
001 MAT.inmabb000212
008 940516s1994####paua#####b####001#0#eng##
005 20180611175116.0
245 1 0 |a Industrial mathematics :  |b a course in solving real-world problems /  |c Avner Friedman & Walter Littman. 
260 |a Philadelphia :  |b Society for Industrial and Applied Mathematics,  |c 1994. 
300 |a xiii, 136 p. :  |b il. ;  |c 26 cm. 
504 |a Includes bibliographical references and index. 
510 4 |a MR,  |c 95g:00016 
020 |a 0898713242 
100 1 |a Friedman, Avner. 
700 1 |a Littman, Walter. 
084 |a 00A71 (00A06 00A69)  |2 msc2000 
859 |h 00A71  |i F911  |p A-7932  |b BIB. MATEMATICA